000 00705nam a2200289Ia 4500
005 20260324140016.0
008 008 260324s9999 xx 000 0 eng d
020 _a9781003071990
037 _aEBOOK
040 _aCRL
040 _beng
040 _cCRL
041 _2eng
041 _aeng
084 _qCRL
100 _aNorman Jones
_91202781
245 0 _aPerformance Management in the 21st Century
245 0 _bSolutions for Business, Education, and Family
260 _bTaylor and Francis
260 _c1999
365 _a
365 _b290
856 _uhttp://www.taylorfrancis.com/books/9781003071990
942 _cEBOOK
999 _c1804396
_d1804396